| 000 | 00526aam a2200217 4500 | ||
|---|---|---|---|
| 005 | 20240429170003.0 | ||
| 008 | 150416b2000 xxu||||| |||| 00| 0 spa d | ||
| 020 | _a9968311073 | ||
| 041 | _aESP | ||
| 082 | _a500.078 A688m | ||
| 100 |
_aArce Urbina, María Elena _910790 |
||
| 245 | _aMis primeros experimentos | ||
| 260 | _aCosta Rica | ||
| 260 | _bEUNED | ||
| 260 | _c2000 | ||
| 300 | _a184 páginas | ||
| 650 | _aEXPERIMENTOS | ||
| 650 | _aCIENCIAS NATURALES | ||
| 650 | _aMÉTODO CIENTÍFICO | ||
| 942 |
_cBK _2ddc |
||
| 999 |
_c4717 _d4717 |
||